000
00260nam a2200109 4500
008
160625b xxu||||| |||| 00| 0 eng d
100
_9
1107
_a
Heron, F.D
245
_a
Junior Boy
260
_a
N.Y
_b
Abingdon Press
_c
1963
300
_a
Junior Boy
942
_2
ddc
_c
BK
999
_c
892
_d
892